000 00758cam a22002655i 4500
001 BD-DhSAU 4189
003 BD-DhSAU
005 20150301101302.0
008 141016s2012 ohua 001 0 eng
020 _a9788131518571
020 _a8131518574
040 _aBD-DhSAU
082 _222
_a658.15
_bB7685
100 1 _aBrigham, Eugene F.
245 1 0 _aFundamentals of financial management /
_cEugene F. Brigham and Joel F. Houston.
250 _a12th ed.
260 _aIndia :
_bCengage Learning India Pvt. Ltd. ,
_cc2012.
300 _axxiii, 674 p. :
_bill. ;
_c28 cm.
500 _aNew arrival 2014
504 _ainclude index
590 _atamanna
650 _amanagement
650 _afinancial management
700 _aHouston, Joel F.
942 _2ddc
_cBOOK
999 _c4189
_d4189